|
|
|
|
| LEADER |
00000nab a2200000 a 4500 |
| 001 |
vtls000210746 |
| 003 |
SK-MaSNL |
| 005 |
20260302201634.0 |
| 008 |
111130c1985 xo 0 slo |
| 015 |
|
|
|a SNBRB19rr/mm-uuuuu
|
| 035 |
|
|
|a CL0220859
|
| 040 |
|
|
|a SNKBUCL
|b slo
|c SNKBUCL
|e AACR2
|
| 041 |
0 |
|
|a slo
|
| 044 |
|
|
|a xo
|c SK
|
| 080 |
|
|
|a 820 (73)-3
|2 1981
|
| 100 |
1 |
|
|a Link, William
|4 aut
|9 922257
|
| 245 |
1 |
0 |
|a Kabelka
|c William Link, Richard Levinson
|
| 500 |
|
|
|a Príslušnosť autorov k uvádzanej literatúre je hypotetická. Prevzaté z čas. Magazin polski 10/84, Varšava.
|
| 650 |
0 |
7 |
|a poviedky kriminálne
|2 snkbucl
|9 921121
|
| 655 |
|
7 |
|a články z novín a časopisov
|2 snkbucl
|9 267496
|
| 655 |
|
7 |
|a články z odboru literárna veda a krásna literatúra
|2 snkbucl
|9 770045
|
| 700 |
1 |
|
|a Levinson, Richard
|4 aut
|9 922258
|
| 773 |
0 |
|
|t Express
|g Roč. 17, č. 10 (1985), s. 20
|
| 850 |
|
|
|a Slovenská národná knižnica v Martine
|a MTA001
|
| 852 |
|
|
|a SNK
|b KIS3GCP
|
| 958 |
|
|
|a RK
|
| 958 |
|
|
|a LX
|
| 992 |
|
|
|a RBX
|
| 999 |
|
|
|c 1461671
|d 1463601
|